| 000 | 00674nam a2200181Ia 4500 | ||
|---|---|---|---|
| 008 | 100920s9999 xx 000 0 und d | ||
| 082 |
_b80179 _a24 न 01 |
||
| 100 | _aआपटे माधवी माधव. | ||
| 245 | _aअध्यात्माकडून अमेरिकेकडे. | ||
| 260 |
_bघरकुल प्रकाशन,पुणे. _c2001 |
||
| 300 |
_a96 _bसाधी |
||
| 365 | _b100 | ||
| 520 | _aसायो. | ||
| 630 | _aअध्यात्माकडून अमेरिकेकडे. | ||
| 650 | _aसायो. | ||
| 730 | _aअध्यात्माकडून अमेरिकेकडे. | ||
| 942 | _cBOOK | ||
| 999 |
_c721098 _d721095 |
||